Statistics for Biggest Cities in the European Union by Letter - F

Click here to take the quiz!

General Stats

  • This quiz has been taken 187 times
  • The average score is 6 of 20

Answer Stats

RankPopulationCountryHintCity% Correct
1733,000GermanyMajor financial centreFrankfurt am Main
99%
2383,000ItalyBirthplace of the Renaissance, DavidFlorence
98%
3226,000GermanyBlack ForestFreiburg im Breisgau
64%
9112,000PortugalCapital city of MadeiraFunchal
58%
1284,000FranceBiggest city in MartiniqueFort-de-France
35%
1379,000ItalyInternational Airport of RomeFiumicino
33%
6133,000ItalyNear the Po RiverFerrara
31%
5152,000ItalySanta Maria de FoveaFoggia
26%
7124,000GermanyFirst German railway lineFürth
26%
1186,000GermanyDatabase of traffic violators (Punkte)Flensburg
20%
1767,000GermanyNear Germany's geographical centerFulda
20%
8118,000ItalyCentral city of RomagnaForlì
18%
4195,000SpainOne of the bigger suburbs of MadridFuenlabrada
17%
2059,000GermanyLake Constance, ZeppelinFriedrichshafen
16%
1668,000SpainBirthplace of dictator FrancoFerrol
11%
1866,000United KingdomAviation, known for its AirshowFarnborough
10%
1578,000SpainAndalusian tourist resortFuengirola
10%
1965,000United KingdomNear the City of BristolFilton
8%
1479,000RomaniaCapital of Vrancea CountyFocșani
5%
10105,000DenmarkCompletely surrounded by CopenhagenFrederiksberg
5%

Score Distribution

Percentile by Number Answered

Percent of People with Each Score

Your Score History

You have not taken this quiz